Start with A, ends with H - Statistics

General Stats
  • This quiz has been taken 21 times
  • The average score is 6 of 15
Answer Stats
Question Answer % Correct
A type of tree Ash
90%
A strict sect of Mennonites Amish
65%
Go up to someone? Approach
60%
In spite of the fact that Although
55%
Attack one or more people Ambush
55%
Amaze Astonish
55%
Achieve Accomplish
50%
To exclaim joy or surprise Aah
40%
Destroy the self-confidence of someone Abash
40%
To get rid of something Abolish
30%
Used typically to express frustration or pain Argh
30%
Filled, or completely overrun Awash
20%
A type of tropical/marine fish, brightly coloured and bony Angelfish
15%
A shade of purple/pink Amaranth
5%
Sportswear manufacturer, esp golf attire Ashworth
5%
No matching quizzes found
Score Distribution
Percent of People with Each Score
Percentile by Number Answered
Your Score History
You have not taken this quiz